000 00852nas a2200277 4500
001 BR7800536
003 BR-BrBNA
005 20231205083313.0
007 ta
008 230509b bl.|||p| |||| 00| 00por d
040 _aBR-BrBNA
_bpor
_cBiblioteca Nacional de Agricultura
041 _a(Pt)
072 _aH20
100 1 _aTakatsu, A.
100 1 _aMoreira, L.C.
100 1 _aDaniels, J.
245 1 _aDoencas bacterianas do feijoeiro e da soja no Distrito Federal [Phaseolus vulgaris, Glycine max, crestamento, pustula bacteriana]
650 _aFEIJAO
650 _aSOJA
650 _aCRESTAMENTO
650 _aPUSTULA BACTERIANA
650 _aDISTRITO FEDERAL
773 0 _tFitopatologia Brasileira (Brazil)
_xISSN 0100-4158
_g(Feb 1977), v. 2(1) p. 106
_wBR7800536
909 _a202311
_bLúcia
_c55
_dLúcia Elande
942 _2AGRIS
_n0
_cANA
999 _c97848
_d97848